Bewahrende Erneuerung. Johann Leisentrit und der Lausitzer Sonderweg
| Titel: | Bewahrende Erneuerung. Johann Leisentrit und der Lausitzer Sonderweg / Jens Bulisch |
|---|---|
| Verfasser: | |
| In: |
Sächsische Heimatblätter, Band 63, Heft 2 (2017), Seite 135-146 alle Artikel anzeigen |
| Veröffentlicht: | 2017 |
| Umfang: | Illustrationen |
| Format: | Aufsatz |
| Sprache: | Deutsch |
X
alg: 43317136 001A $03033:03-07-18 001B $03025:22-02-19 $t10:23:46.000 001C $03033:03-07-18 $t12:14:10.000 001D $03033:03-07-18 001U $0utf8 001X $00 002@ $0Aoy 002C $aText $btxt $2rdacontent 002D $aohne Hilfsmittel zu benutzen $bn $2rdamedia 002E $aBand $bnc $2rdacarrier 003@ $0433171367 007A $0433171367 $aHEB 010@ $ager 010E $erda 011@ $a2017 021A $aBewahrende Erneuerung. Johann Leisentrit und der Lausitzer Sonderweg $hJens Bulisch 028A $BVerfasser $#Bulisch, Bernd Jens $4aut $7126263000 $8Bulisch, Jens$Z1972- [Tp3] $9156828286 031A $d63 $e2 $g12 $h135-146 $j2017 034M $aIllustrationen 039B $aEnthalten in $8--Abvc--. Sächsische Heimatblätter. - Niederjahna : Zentrum für Kultur, Geschichte, 1958-. - ISSN 0486-8234 $x201700000630002865 $9047686766 044K $RPhilalaetus, Heinrich $RVeit $RKling, Melchior der Ältere $#Leisentrit, Johannes $#Leisentrit, Johann $#Leisentrit, Johannes der Ältere $#Leisentritt $#Juliusberg, Johann a $#Leisentritt a Juliusberg, Johann $#Leisentritus, Johannes $#Leisentrit a Julisberg, Johann $#Leisentrit a Juliusberg, Johann $#Leisentrit von Juliusberg, Johann $#Leisentritius, Johannis $#Leisentritius, Joannes $#Leisentritius, Ioannes $#Leisentritus, Joannes $#Leisentritus, Ioannes $#Leisentritt-a-Juliusberg, Johann $#Leisentritt-von-Juliusberg, Johann $#Leisentrit, Johannes d.Ä. $#Leisentritt, Johann von Juliusberg $#Leisentrit, Johannes der Jüngere $#Leisentrit, Johannes d.J. $#Leisentritt, Johannes $#Leisentritius, Johannes $#Leisentrit von Julisberg, Johann $#Leisentrittius, Joannes $#Leisentrittius, Ioannes $7118727265 $8Leisentritt, Johann$Z1527-1586 [Tp1] $9087068036 045T $a8,1 lok: 43317136 70 exp: 43317136 70 1 #EPN 201B/01 $020-06-21 $t12:52:37.000 201C/01 $003-07-18 201U/01 $0utf8 203@/01 $01024090485 208@/01 $a03-07-18 $bfg 209A/01 $a/ $f010 $x00 244Z/01 $ax Bautzen $x01 244Z/01 $ax Lausitz $x02 244Z/01 $ax Reformation $x03 245Z/01 $a1.8.4.1 $bGeschichte ; Politik $x01 247C/01 $8958024-4Görlitz, Senckenberg Museum für Naturkunde Görlitz, Bibliothek $9371017858 lok: 43317136 78 exp: 43317136 78 1 #EPN 201B/01 $022-02-19 $t10:23:46.000 201C/01 $022-02-19 201U/01 $0utf8 203@/01 $01046415786 208@/01 $a22-02-19 $be 209A/01 $a/ $f000 $x00 209A/01 $ab*p $x01 220C/01 $apgar 244Z/01 $#Schlesien $#Schlesien $#Herzogtum Schlesien $#Herzogtum Schlesien Schlesien $#Provinz Schlesien $#Śla̜sk $#Slezsko $#Silesia $74052678-1 $8--Tg1--Schlesien $x01 $9085146781 247C/01 $82080>Marburg/Lahn, Herder-Institut, Forschungsbibliothek, Bibliographieportal $9336309341
| LEADER | 00000caa a22000002c 4500 | ||
|---|---|---|---|
| 001 | 433171367 | ||
| 003 | DE-603 | ||
| 005 | 20190222102346.0 | ||
| 007 | tu | ||
| 008 | 180703s2017 xx |||| | u00||u|ger c | ||
| 035 | |a (DE-599)HEB433171367 | ||
| 040 | |a DE-603 |b ger |c DE-603 |d DE-603 |e rda | ||
| 041 | |a ger | ||
| 084 | |a 8,1 |2 ssgn | ||
| 100 | 1 | |a Bulisch, Jens |d 1972- |e Verfasser |4 aut |0 (DE-603)156828286 |0 (DE-588)126263000 |2 gnd | |
| 245 | 0 | 0 | |a Bewahrende Erneuerung. Johann Leisentrit und der Lausitzer Sonderweg |c Jens Bulisch |
| 264 | 0 | |c 2017 | |
| 300 | |b Illustrationen | ||
| 336 | |a Text |b txt |2 rdacontent | ||
| 337 | |a ohne Hilfsmittel zu benutzen |b n |2 rdamedia | ||
| 338 | |a Band |b nc |2 rdacarrier | ||
| 600 | 1 | 7 | |a Leisentritt, Johann |d 1527-1586 |0 (DE-588)118727265 |0 (DE-603)087068036 |2 gnd |
| 773 | 0 | 8 | |i Enthalten in |t Sächsische Heimatblätter |d Niederjahna : Zentrum für Kultur, Geschichte, 1958- |x 0486-8234 |g Band 63, Heft 2 (2017), Seite 135-146 |w (DE-603)047686766 |w (DE-600)504423-6 |
| 924 | 0 | |9 Gl 1 |a (DE-603)1024090485 |b DE-Gl1 |c HES |d d |g / | |
| 924 | 0 | |9 2080 |a (DE-603)1046415786 |b DE-2080 |c HES |d d |g / | |


